Simplified irrigation design / Pete Melby. (Record no. 2182)

000 -LEADER
fixed length control field 00542cam a2200169 a 4500
020 ## - INTERNATIONAL STANDARD BOOK NUMBER
ISBN 0442018223
082 00 - DEWEY DECIMAL CLASSIFICATION NUMBER
Classification number 627.52
Item number M5179 1995
100 1# - MAIN ENTRY--AUTHOR NAME
Personal name Melby, Pete, author.
245 10 - TITLE STATEMENT
Title Simplified irrigation design / Pete Melby.
250 ## - EDITION STATEMENT
Edition statement Second edition.
260 ## - PUBLICATION, DISTRIBUTION, ETC. (IMPRINT)
Place of publication New York :
Name of publisher Van Nostrand Reinhold,
Year of publication c1995.
300 ## - PHYSICAL DESCRIPTION
Number of Pages x, 230 pages :
Other physical details illustrations ; 29 cm.
500 ## - GENERAL NOTE
General note "Measurements in imperial (U.S.) and metric."
500 ## - GENERAL NOTE
General note Includes bibliographical references and index.
650 #0 - SUBJECT ADDED ENTRY--TOPICAL TERM
Topical Term Irrigation engineering.
942 ## - ADDED ENTRY ELEMENTS (KOHA)
Koha item type Books
Holdings
Source of acquisition Permanent Location Date acquired Koha item type Collection code Accession Number Lost status Shelving location Withdrawn status Current Location Full call number
SchoolCagayan State University - Carig Library2014-12-09BooksApplied Sciences005397 General Collection Cagayan State University - Carig Library627.52 M5179 1995

Cagayan State University University Library, Carig Campus
Tuguegarao City, Cagayan 3500 | www.csucarig.edu.ph

Powered by Koha